Normal view
MARC view
- Royster, Jacqueline Jones.
Entry Personal Name
001 - CONTROL NUMBER
- control field: 783
003 - CONTROL NUMBER IDENTIFIER
- control field: OSt
005 - DATE AND TIME OF LATEST TRANSACTION
- control field: 20151201153654.0
008 - FIXED-LENGTH DATA ELEMENTS
- fixed length control field: 151201|| aca||aabn | a|a d
040 ## - CATALOGING SOURCE
- Original cataloging agency: OSt
100 ## - HEADING--PERSONAL NAME
- Personal name: Royster, Jacqueline Jones.
- Titles and other words associated with a name: Consultant.
